| 000 | 00428nam a2200157Ia 4500 | ||
|---|---|---|---|
| 003 | GCL | ||
| 008 | 140319s9999 xx 000 0 ara d | ||
| 040 |
_aGCL / _cGCL |
||
| 082 | 0 | 4 |
_a944 _bا ب |
| 100 | 1 | _aايهاب الشريف | |
| 245 | 1 | 0 |
_aبلاد الجن والملائكة : صور من فرنسا / _cايهاب الشريف |
| 490 | _a | ||
| 650 | 0 | 4 | _aفرنسا |
| 650 | 0 | 4 | _aالجغرافيا |
| 942 |
_2ddc _cBK |
||
| 999 |
_c45101 _d45101 |
||